Responses for show #7323 - Wednesday, June 15, 2016

Hunter Appler game 6.

Contestants

Sarah von Riedemann, a medical writer from Toronto, Ontario, Canada

Beth Masterson, a correctional librarian from Lincolnton, North Carolina

Hunter Appler, an attorney originally from Mount Airy, North Carolina (whose 5-day cash winnings total $129,002)

Jeopardy! Round responses

WASHINGTON STATE SYMBOLS
BESTSELLING BOOKS
NON-TRADITIONAL ACTORS
AROUND THE WORLD
ADD TO "ADS"
HIGHLAND BLING
    $200 21
apples

Beth
    $200 2
Amy Tan

Sarah
    $200 1
Diff'rent Strokes

Beth
    $200 3
Vatican City

Hunter
    $200 11
fads

Sarah
    $200 16
a kilt

Hunter
    $400 25
the Columbia

Triple Stumper
    $1,000 5
(Sarah: I got nothing.)
(Alex: Take a guess.)
[Sarah shakes her head, mouths "No."]
(Alex: No?)

The Help

Sarah
    $400 19
Buzz Aldrin

Hunter
    $400 4
the peso

Sarah
    $400 12
lads

Sarah
    $400 17
(Alex: Yes. They're shoes.)

their feet

Beth
    $600 26
a trout

Sarah
    $600 6
Room

Sarah
    $600 20
Rodney Dangerfield

Beth
    $600 7
(Beth: What is Arabic?)
(Sarah: What is Urdu?)

Hindi

BethSarah
Triple Stumper
    $600 13
pads

Hunter
    $600 22
[Alex pronounces "trous" like "TROOZ", with a trill of the "R", not to rhyme with "OW".]

trousers

Hunter
    $800 29
(Hunter: What's amber?)
[The end-of-round signal sounds.]

petrified wood

Hunter
Triple Stumper
    $800 10
(Bob) Woodward

Hunter
    $800 23
(Stephen) Hawking

Hunter
    $800 8
Honshu & Hokkaido

Beth
    $800 14
grads

Hunter
    $800 27
(Beth: What is a tam?)

Balmoral

Beth
Triple Stumper
    $1000 18
[Alex reads "M.E." as "medical examiner".]

Kay Scarpetta

Beth
    $1000 24
(Beth: What is Better Call Saul?)

Community

Beth
Triple Stumper
    $1000 9
(Beth: What is the Straits of Magellan?)
...
(Alex: And it's a rough one.)

the Drake Passage

Beth
Triple Stumper
    $1000 15
scads

Sarah
    $1000 28
Jacobite

Beth

Scores at the first commercial break (after clue 15):

Hunter Beth Sarah
$2,400 -$600 $1,200

Scores at the end of the Jeopardy! Round:

Hunter Beth Sarah
$3,600 $800 $1,800

Double Jeopardy! Round responses

DECOMPOSING COMPOSERS
AUSTRAILIAN WILDLIFE
2-WORD RESPONSES
"M"TERTAINMENT
THE 1820s
INTERNATIONAL DAYS OF THE WEEK
    $400 2
Vivaldi

Hunter
    $400 1
a dingo

Sarah
    $400 7
Mount Vernon

Sarah
    $400 10
Married... with Children

Beth
    $400 15
the Monroe Doctrine

Beth
    $400 25
(Alex: Minute to go now.)

German

Hunter
    $800 18
Johann Sebastian Bach

Sarah
    $800 3
a wallaby

Sarah
    $800 26
Old Faithful

Beth
    $800 11
Morpheus

Hunter
    $800 16
the Venus de Milo

Sarah
    $800 24
Saturday

Sarah
    $1200 17
Wagner

Triple Stumper
    $1200 9
the Tasmanian devil

Beth
    $1200 27
top-shelf

Sarah
    $1200 12
Myst

Hunter
    $2,000 21
(Beth: [Whispers indistinctly] Um, what is... Casablanca?)

Timbuktu

Beth
    $1200 19
(Beth: What is giovedi?)

martedi

BethSarah
    $1600 4
(Beth: Who is Chopin?)
(Hunter: Who is Berlioz?)
...
(Alex: You figure St. Petersburg, it was Russian--[*].)

Tchaikovsky

HunterBeth
Triple Stumper
    $1600 8
a kookaburra

Hunter
    $1600 29
(Alex: Yes, and he beat him.)

War Admiral

Beth
    $1600 13
Mr. Robot

Hunter
    $1600 22
emigré

Sarah
    $1600 20
lundi, lundi

Beth
    $1,500 5
(Sarah: Who is Fauré?)

Giuseppe Verdi

Sarah
    $2000 6
an emu

Beth
    $2000 28
(Beth: What is the Andrea Doria?)
(Hunter: What's the Rainbow Warrior?)

the Achille Lauro

HunterBeth
Triple Stumper
    $2000 14
(Shawn) Mendes

Beth
    $2000 30
the Netherlands

Hunter
    $2000 23
(Beth: What is vendredi?)
(Alex: No.)
(Beth: [Lowered voice] Oh, that's French.)
(Alex: Yes, that's French.)

viernes

HunterBeth

Scores at the end of the Double Jeopardy! Round:

Hunter Beth Sarah
$10,000 $2,000 $8,300

[wagering suggestions for these scores]

Final Jeopardy! Round responses

CLASSIC MOVIE SCENES
(Alex: I think our Final Jeopardy! clues are getting to be too easy. Once again, all three players wrote down their responses immediately. )
...
(Alex: [To Beth] Alfred Hitchcock's famous film.)
BethWhat is Psycho?
$1,300
SarahWhat is Psycho?
$8,300
HunterWhat is Psycho?
$6,601
Psycho

Final scores:

Hunter Beth Sarah
$16,601 $3,300 $16,600
6-day champion: $145,603 3rd place: $1,000 2nd place: $2,000

Game dynamics:

Coryat scores:

Hunter Beth Sarah
$10,000 $4,000 $10,800
16 R,
3 W
15 R,
9 W
(including 1 DD)
16 R,
3 W
(including 2 DDs)

Combined Coryat: $24,800

The J! Archive is created by fans, for fans. The Jeopardy! game show and all elements thereof, including but not limited to copyright and trademark thereto, are the property of Jeopardy Productions, Inc. and are protected under law. This website is not affiliated with, sponsored by, or operated by Jeopardy Productions, Inc. Join the discussion at JBoard.tv.